000
00238nam a2200109 4500
999
_c
10676
_d
10676
003
OSt
005
20220512170811.0
008
220512b ||||| |||| 00| 0 eng d
082
_a
378.1662
245
_a
Manual for the GRE test
942
_2
ddc